000 00785nam a2200241 a 4500
001 BRCA_9144
005 20190320210533.0
008 140618s2004----mx-a######---#000-0#spa-#
020 _a9706831010
041 _aspa
044 _amx
050 4 _aNK844
_b.R48 2004
245 1 0 _aRevelaciones del arte popular mexicano
_cedición Margarita de Orellana y Alberto Ruy Sánchez.
260 _aMéxico
_bArtes de México
_c2004
300 _a358 p.
_bil. a color
_c32 cm.
500 _aIncluye piezas de la Colección Ruth D. Lechuga
504 _aBibliografía : p. 356-357
650 1 4 _aArte popular
_vCatálogos
_zMéxico
_922537
650 1 4 _aArte popular mexicano
_98328
700 1 _aOrellana, Margarita de
_eed.
_921007
700 1 _aRuy Sánchez, Alberto
_92550
942 _2lcc
_cB
999 _c8791
_d8791